Catálogo
 En Linea

Momentos de paz II : (Registro nro. 45487)

Detalles MARC
000 -CABECERA
campo de control de longitud fija 00590nam a2200169 a 4500
001 - NÚMERO DE CONTROL
campo de control 000045998
005 - FECHA Y HORA DE LA ÚLTIMA TRANSACCIÓN
campo de control 20201002052554.0
008 - DATOS DE LONGITUD FIJA--INFORMACIÓN GENERAL
campo de control de longitud fija 150609s2006 pe ac 000 0 spa d
020 ## - NÚMERO INTERNACIONAL ESTÁNDAR DEL LIBRO
Número Internacional Estándar del Libro 9972321193
040 ## - FUENTE DE LA CATALOGACIÓN
Centro catalogador/agencia de origen DO-SdBNP
Lengua de catalogación spa
Centro/agencia transcriptor BNPHU
082 ## - NÚMERO DE LA CLASIFICACIÓN DECIMAL DEWEY
Número de clasificación xxxx
Número de documento/Ítem xxxx
100 1# - ENTRADA PRINCIPAL--NOMBRE DE PERSONA
Nombre de persona Larrán García, Pablo,
Fechas asociadas al nombre 1956-
9 (RLIN) 74068
245 10 - MENCIÓN DE TÍTULO
Título Momentos de paz II :
Resto del título mas reflexiones para el caminino /
Mención de responsabilidad, etc. Padre Pablo Larrán García.
260 ## - PUBLICACIÓN, DISTRIBUCIÓN, ETC.
Lugar de publicación, distribución, etc. Lima, Perú :
Nombre del editor, distribuidor, etc. Palomino,
Fecha de publicación, distribución, etc. 2006.
300 ## - DESCRIPCIÓN FÍSICA
Extensión 130 p. :
Otras características físicas il., retrs. ;
Dimensiones 21 cm.
500 ## - NOTA GENERAL
Nota general Incluye datos biográficos del autor en la solapa de la contracubierta
Existencias
Estado de retiro Estado de pérdida Restricciones de uso No para préstamo Código de colección Localización permanente Ubicación/localización actual Ubicación en estantería Fecha de adquisición Número de inventario Total de préstamos Signatura topográfica completa Código de barras Fecha visto por última vez Precio válido a partir de Tipo de ítem Koha Número de copia
      Excluido de préstamo Monografías: Libros y Folletos General General En catalogación 09.06.2015 LF1   xxxx xxxx 45998-10 25.06.2020 25.06.2020 No se presta  
      Excluido de préstamo Monografías: Libros y Folletos General General En catalogación 09.06.2015 LF1   xxxx xxxx 45998-20 25.06.2020 25.06.2020 No se presta e. 2
        Monografías: Libros y Folletos General General En catalogación 19.06.2015 LF1   xxxx xxxx 45998-30 25.06.2020 25.06.2020 Préstamo en sala e. 3

Con tecnología Koha